000 00798nam a2200217Ii 4500
003 JO-AjNU
008 230605s9999||||xx |||||||||||||| ||und||
017 _a2004/3511
020 _a977-01-9023
040 _aJO-AjNU
_bara
_erda
_cJO-AjNU
041 _aara
050 1 4 _aPJ6074.A4386 2004
100 3 _aتاليف الألفي، أسامة,
_eauthor
_940013
245 0 0 _aاللغة العربية وكيف ننهض بها نطقا وكتابة
264 3 1 _aالقاهرة: الهيئة المصرية العامة للكتاب،2004
300 _a135ص
336 _atext
_btxt
_2rdacontent
337 _aunmediated
_bn
_2rdamedia
338 _avolume
_bnc
_2rdacarrier
650 4 _aاللغة العربية-اللغة العربية وكيف ننهض بها نطقا وكتابة
_940014
999 _aA16946
_c20514
_d20514